000
00279nam a22001217a 4500
008
230629b xxu||||| |||| 00| 0 eng d
082
_a
346.043
_b
KLA
100
_c
Kenya Land Alliance
245
_a
Land Update
260
_b
Kenya Land Alliance
300
_a
16p
942
_2
ddc
_c
BK
999
_c
3093
_d
3093